000 00386nam a2200133 4500
008 191125s2018||||xo d
245 1 0 _aMinulost, súcasnost a perspektivy literárnovednej slovakistiky
250 _a1.vydanie
260 _bPlatforma pre literatúru a výskum
_aBratislava
_c2018
300 _a152s.
020 _a9788097312503
_c8,55
041 1 _aslo
044 _axo
_cSK
999 _c22821
_d22821